La Iglesia católica en la Edad Media /
El jesuita Daniel Olmedo prepara este manual de Historia de la Iglesia católica destinado, aunque no de manera exclusiva, como manual de enseñanza para los seminarios de México y Latinoamérica. La divide en tres volúmenes que a su vez revisan el devenir histórico de la institución de siglo en siglo,...
Zapisane w:
| 1. autor: | |
|---|---|
| Format: | Książka |
| Język: | hiszpański |
| Wydane: |
México :
Jus,
1960, c1960
|
| Hasła przedmiotowe: | |
| Etykiety: |
Nie ma etykietki, Dołącz pierwszą etykiete!
|
MARC
| LEADER | 00000nam^a2200000^a^4500 | ||
|---|---|---|---|
| 001 | 000555576 | ||
| 005 | 20250521000000.0 | ||
| 009 | 20260310131721.719 | ||
| 037 | |a Acervo Xavier Clavigero | ||
| 041 | |a ESP | ||
| 082 | |a 282. 09 |b MAN V. 2 | ||
| 100 | |a Olmedo Cotilla, Daniel |e (autor) | ||
| 240 | 1 | 1 | |a [Manual de historia de la Iglesia, de Daniel Olmedo Cotilla] |
| 240 | 1 | 4 | |a [La Iglesia católica (manual de historia), de Daniel Olmedo Cotilla] |
| 240 | 1 | 1 | |a [Historia de la Iglesia católica, de Daniel Olmedo Cotilla] |
| 240 | 1 | 4 | |a [La Iglesia católica en la Edad Media] |
| 245 | 1 | 3 | |a La Iglesia católica en la Edad Media / |c D. Olmedo Cotilla. |
| 264 | 4 | |a México : |b Jus, |c 1960, c1960 | |
| 300 | |a XI, 288 p., [28 láminas, 4 mapas] | ||
| 336 | |a texto |b txt |2 rdacontenido | ||
| 337 | |a sin mediación |b n |2 rdamedio | ||
| 338 | |a volumen |b nc |2 rdasoporte | ||
| 520 | |a El jesuita Daniel Olmedo prepara este manual de Historia de la Iglesia católica destinado, aunque no de manera exclusiva, como manual de enseñanza para los seminarios de México y Latinoamérica. La divide en tres volúmenes que a su vez revisan el devenir histórico de la institución de siglo en siglo, aunque consciente que las divisiones no dejan de ser artificiales. En el primer volumen, La Iglesia católica en el mundo grecorromano, se abarcan los siglos primero al séptimo; en el segundo, La Iglesia católica en la Edad Media, se revisan los siglos VII al XV; y en el tercero: La Iglesia católica en la Edad Moderna, se analiza del siglo XV al siglo XX. Utiliza diversos tipos de letra, cuadros, mapas e ilustraciones como apoyo para resaltar los elementos que considera de mayor importancia. | ||
| 561 | |a Ex libris de Bibl. Magnopontanae Domus Scti. Ioseph. Prov. Mex. Sept. S.I. | ||
| 561 | |a Ex libris de Bibl. Iunioratus Dom. Prob. S. Ioseph | ||
| 561 | |a Ex libris de José Morales Orozco | ||
| 649 | |a XX | ||
| 650 | |a Monasticismo y Ordenes Religiosas - |x Historia | ||
| 650 | |a Herejes y Herejías - |x Historia - |y Edad Media | ||
| 650 | |a Iglesia en España - |x Historia - |y Siglo VIII | ||
| 650 | |a Iglesia en Alemania - |x Historia - |y Siglo VIII | ||
| 650 | |a Iglesia - |x Historia - |y Siglo VIII | ||
| 650 | |a Iglesia - |x Historia - |y Siglo IX | ||
| 650 | |a Iglesia - |x Historia - |y Siglo X | ||
| 650 | |a Iglesia - |x Historia - |y Siglo XI | ||
| 650 | |a Iglesia - |x Historia - |y Siglo XII | ||
| 650 | |a Iglesia - |x Historia - |y Siglo XII | ||
| 650 | |a Iglesia - |x Historia - |y Papado de Aviñón, 1309-1377 | ||
| 650 | |a Iglesia - |x Historia - |y Siglo XIV | ||
| 650 | |a Iglesia - |x Historia - |y Edad Media - |x Tema Principal | ||
| 650 | |a Cisma de Oriente y Occidente, 1054 | ||
| 650 | |a Cisma de Occidente, 1378-1417 | ||
| 650 | |a Imágenes Religiosas - |x Historia y Crítica | ||
| 650 | |a Iconoclasia - |x Historia | ||
| 650 | |a Culto Religioso - |x Historia | ||
| 650 | |a Concilio de Nicea, 787 | ||
| 650 | |a Feudalismo - |z Europa - |x Historia | ||
| 650 | |a Escolasticismo - |x Historia y Crítica | ||
| 650 | |a Misiones - |z Europa - |x Historia | ||
| 650 | |a Cruzadas - |x Historia - |y Primera, 1096-1099 | ||
| 650 | |a Cruzadas - |x Historia - |y Segunda, 1144-1148 | ||
| 650 | |a Cruzadas - |x Historia - |y Tercera, 1189-1192 | ||
| 650 | |a Cruzadas - |x Historia - |y Cuarta, 1202-1204 | ||
| 650 | |a Cruzadas - |x Historia - |y Quinta, 1217-1221 | ||
| 650 | |a Cruzadas - |x Historia - |y Sexta, 1228-1229 | ||
| 650 | |a Filosofía Medieval - |x Historia y Crítica | ||
| 650 | |a Arte Religioso - |x Historia y Crítica | ||
| 650 | |a Edad Media - |x Historia | ||
| 650 | |a Espiritualidad - |x Historia | ||
| 650 | |a Cristianismo - |x Historia | ||
| 650 | |a Religión - |x Historia | ||
| 650 | |a Francia - |x Historia - |y Carolingios, 751-987 | ||
| 910 | |a Fondo General | ||
| 920 | |a Impresos - Libros | ||
| 930 | |a Colección General | ||
| 905 | |a 101 | ||
| 901 | |a 023437 |b IT1 |c ACC |i D |u 20250521 | ||
| 901 | |a 011344 |b IT1 |c ACC |i D |u 20250521 | ||
| 901 | |a 011752 |b IT1 |c ACC |i D |u 20250521 | ||
| 902 | |a https://opac.biblio.iteso.mx/vufind/Record/000555576 | ||